Regionálne školstvo Slovenska v medzinárodnom kontexte a možnosti rozvoja diplomová práca

Na minha lista:
Detalhes bibliográficos
Autor principal: Szakszon, Norbert
Autor Corporativo: Národohospodárska fakulta EU. Katedra sociálneho rozvoja a práce
Outros Autores: Konečný, Stanislav
Formato: Livro
Idioma:eslovaco
Publicado em: Bratislava 2014
Tags: Adicionar Tag
Sem tags, seja o primeiro a adicionar uma tag!

MARC

LEADER 00000nbm a2200000 4500
001 0193220
005 20161212094721.2
041 0 |a slo 
044 |a SK 
245 1 0 |a Regionálne školstvo Slovenska v medzinárodnom kontexte a možnosti rozvoja  |b diplomová práca  |c Norbert Szakszon ; školiteľ: Stanislav Konečný 
264 1 |a Bratislava  |c 2014 
300 |a 83 s. 
100 1 |a Szakszon, Norbert 
700 1 |a Konečný, Stanislav 
710 2 |a Národohospodárska fakulta EU. Katedra sociálneho rozvoja a práce